=LDR 00000nam 2200000 4500 =001 INLIS000000000000967 =005 20130612085403 =008 ***********************************Ind** =035 ##$$0010-061300000000967 =041 ##$$a Ind =082 ##$$a 302.2 =090 ##$$a 302.2, Rak p =100 ##$$a Rakhmat, Jalaluddin =245 ##$$a Psikologi komunikasi, Jalaluddin Rakhmat =260 ##$$a 1996 $b Bandung =300 ##$$a xiii, 332 hlm, ilus, 24 cm =650 ##$$a Komunikasi =850 ##$$a NBPNMAT